Music Quiz

Random Music or Kpop Quiz
Score 0/12 Timer 01:00
0 Plays Today
% Correct
Yedam
81.6%
Haruto
79.6%
Asahi
79.6%
Yoshi
79.6%
Doyoung
76%
Mashiho
74.6%
Jihoon
72.8%
Hyunsuk
71%
Jeongwoo
70.3%
Junkyu
69%
Junghwan
68.8%
Jaehyuk
67.9%
Remove Ads.
Support Sporcle.
Get the best of Sporcle when you Go Orange. This ad-free experience offers more features, more stats, and more fun while also helping to support Sporcle. Thank you for becoming a member.

You're not logged in!

Compare scores with friends on all Sporcle quizzes.
OR
Log In

Show Comments

Extras

Top Quizzes Today


Score Distribution

Your Account Isn't Verified!

In order to create a playlist on Sporcle, you need to verify the email address you used during registration. Go to your Sporcle Settings to finish the process.

Report this User

Report this user for behavior that violates our Community Guidelines.

Details: